STN EN 1837: 2021 (83 3400), Bezpečnosť strojov. Integrované osvetlenie strojov

Táto norma je slovenskou verziou európskej normy EN 1837: 2020. Preklad zabezpečil Úrad pre normalizáciu, metrológiu a skúšobníctvo Slovenskej republiky. Táto norma má rovnaké postavenie, ako majú oficiálne verzie

Bibliographic Details
Other Authors: Horňák, Pavol (Translator)
Format: Book
Language:Slovak
English
PhysicalDescription:16 s. obr., tab. 30 cm
Published: Bratislava Úrad pre normalizáciu, metrológiu a skúšobníctvo Slovenskej republiky 2021
Subjects:

MARC

LEADER 00000cam a2200000 a 4500
001 vtls012077349
003 SK-MaSNL
005 20260301104353.0
008 211112s2021 xo a f u 000 0 slo
015 |a SNBN2022 
040 |a SNK  |b slo  |c SNK  |e AACR2 
041 1 |a slo  |h eng 
044 |a xo  |c SK 
046 |a s  |m 20211101 (účin.) 
072 7 |a 628  |x Sanitárna technika. Vodárenstvo. Odpadové hospodárstvo. Svetelná technika  |2 konspekt 
072 7 |a 331  |x Práca  |2 konspekt 
080 |a 628.977  |2 2001 
080 |a 006.7/.8  |2 2011 
080 |a (437.6)  |2 2011 
080 |a (4)  |2 2011 
080 |a 331.45  |2 2001 
084 |a 13.110  |2 ICS 
084 |a 91.160.10  |2 ICS 
130 0 |a STN 83 3400 (STN EN 1837)  |9 443012 
245 1 0 |a STN EN 1837: 2021 (83 3400), Bezpečnosť strojov. Integrované osvetlenie strojov 
246 1 0 |a Bezpečnosť strojov 
246 1 0 |a Integrované osvetlenie strojov 
246 3 0 |a EN 1837: 2020 SK 
260 |a Bratislava  |b Úrad pre normalizáciu, metrológiu a skúšobníctvo Slovenskej republiky  |c 2021 
300 |a 16 s.  |b obr., tab.  |c 30 cm 
500 |a Súbežný názov v angličtine, francúzštine, nemčine 
500 |a Spracovateľ: Pavol Horňák, Bratislava 
500 |a Táto norma nahrádza anglickú verziu STN EN 1837 z júna 2021, ktorá od 1.6.2021 nahradila STN EN 1837+A1 z marca 2010 v celom rozsahu 
504 |a Normatívne referenčné dokumenty s. 2 ; literatúra s. 16 
520 8 |a Táto norma je slovenskou verziou európskej normy EN 1837: 2020. Preklad zabezpečil Úrad pre normalizáciu, metrológiu a skúšobníctvo Slovenskej republiky. Táto norma má rovnaké postavenie, ako majú oficiálne verzie 
540 |a STN vydané na akomkoľvek nosiči sa môžu rozmnožovať a rozširovať iba so súhlasom určenej právnickej osoby  |b SÚTN Bratislava  |c zákon 60/2018 Z. z. 
650 0 7 |a osvetlenie pracoviska  |2 SNKPH  |9 79593 
650 0 7 |a technické normy a štandardy  |z Slovensko  |2 SNKPH  |9 79594 
650 0 7 |a technické normy a štandardy  |z krajiny Európskej únie  |2 SNKPH  |9 289341 
650 0 7 |a Workstation lighting  |2 SNKPHeng  |9 312126 
650 0 7 |a Industrial safety  |2 SNKPHeng  |9 267226 
650 0 7 |a bezpečnosť práce  |2 SNKPH  |9 1296 
655 7 |a normy  |2 SNKPH  |9 70643 
700 1 |a Horňák, Pavol  |4 trl  |9 211550 
710 1 |a Slovensko.  |b Úrad pre normalizáciu, metrológiu a skúšobníctvo  |4 stn  |9 158117 
710 2 |a Slovenský ústav technickej normalizácie (Bratislava, Slovensko).  |b Technická komisia č. 108 Svetlo a osvetlenie  |4 stn  |9 312128 
852 |a Štátna vedecká knižnica v Banskej Bystrici 
958 |a OP 
958 |a NB 
999 |c 697939  |d 699869 
952 |a SNK  |b SNK  |y PREZ  |7 0  |p 17A1478959  |o snkSTN EN 1837  |i snk2022/3245  |8 0  |0 0  |1 0  |4 0  |d 2022-03-02  |l 0  |r 2026-02-23 20:47:49  |w 2026-02-23